[Event "Berlin-ch Seniors op 37th"]
[Site "Berlin"]
[Date "2021.06.14"]
[Round "7"]
[White "Sebastian, Martin"]
[Black "Seyfried, Claus"]
[Result "1-0"]
[WhiteElo "1962"]
[BlackElo "2114"]
[PlyCount "99"]
[EventDate "2021.06.08"]
[EventType "swiss"]
[EventRounds "9"]
[EventCountry "GER"]
[SourceTitle "EXT 2022"]
[Source "ChessBase"]
[SourceDate "2021.10.06"]
[SourceVersion "1"]
[SourceVersionDate "2021.10.06"]
[SourceQuality "1"]

1. e4 e5 2. Nf3 Nf6 3. Nc3 Nc6 4. Bc4 Nxe4 5. Nxe4 d5 6. Bxd5 Qxd5 7. d3 Bg4 8. Nc3 Bxf3 9. Nxd5 Bxd1 10. Kxd1 0-0-0 11. Nc3 f5 12. f3 Be7 13. Be3 Rhe8 14. a3 Bf6 15. Kc1 e4 16. fxe4 Bxc3 17. bxc3 fxe4 18. d4 Na5 19. Kd2 Rf8 20. Rhf1 Kd7 21. Ke2 Ke6 22. Rxf8 Rxf8 23. Rb1 b6 24. Rb4 Nc6 25. Rb5 Rd8 26. Rb3 a6 27. Bf4 Rd7 28. Be3 Kd5 29. Rb1 Rf7 30. a4 Na5 31. Bf2 Nc4 32. Bg3 g5 33. h4 gxh4 34. Bxh4 Rg7 35. Rg1 Rg4 36. Bf2 h5 37. g3 Nd6 38. Rh1 Rg5 39. Ke3 Rf5 40. Ke2 Ne8 41. Be3 Nf6 42. Bf4 c6 43. Be5 Ng4 44. Bf4 Kc4 45. Rb1 b5 46. axb5 axb5 47. Kd2 h4 48. Rh1 hxg3 49. Bxg3 Rf3 50. Rh5 1-0

[Event "Berlin-ch Seniors op 37th"]
[Site "Berlin"]
[Date "2021.06.11"]
[Round "4"]
[White "Sebastian, Martin"]
[Black "Fitzke, Ulrich"]
[Result "1/2-1/2"]
[WhiteElo "1962"]
[BlackElo "1813"]
[PlyCount "91"]
[EventDate "2021.06.08"]
[EventType "swiss"]
[EventRounds "9"]
[EventCountry "GER"]
[SourceTitle "EXT 2022"]
[Source "ChessBase"]
[SourceDate "2021.10.06"]
[SourceVersion "1"]
[SourceVersionDate "2021.10.06"]
[SourceQuality "1"]

1. d4 d5 2. Nf3 Nd7 3. c3 e6 4. e3 Ngf6 5. Bd3 Bd6 6. 0-0 0-0 7. Nbd2 e5 8. dxe5 Nxe5 9. Nxe5 Bxe5 10. Nf3 Bd6 11. h3 Re8 12. c4 c6 13. cxd5 Nxd5 14. a3 Qf6 15. Qc2 h6 16. Nh2 Bc7 17. Rd1 Be6 18. Qe2 Rad8 19. Qf3 Qh4 20. Qe4 Qxe4 21. Bxe4 Nf6 22. Bf3 Bb3 23. Rxd8 Rxd8 24. Nf1 Bd1 25. Bd2 Bxf3 26. gxf3 Be5 27. Rb1 Rd3 28. f4 Ne4 29. Be1 Bf6 30. f3 Nd6 31. b3 Nb5 32. a4 Nc3 33. Bxc3 Bxc3 34. Kf2 Bb4 35. f5 Kf8 36. f4 Ke7 37. Kf3 f6 38. Ke4 Rc3 39. Kd4 Kd6 40. Ng3 Kc7 41. Nh5 c5+ 42. Ke4 c4 43. bxc4 Rxc4+ 44. Kd5 Rc5+ 45. Ke4 Rc4+ 46. Kd5 1/2-1/2

[Event "Berlin-ch Seniors op 36th"]
[Site "Berlin"]
[Date "2020.02.05"]
[Round "8.17"]
[White "Sebastian, Martin"]
[Black "Jaeger, Andre"]
[Result "1/2-1/2"]
[WhiteElo "1959"]
[BlackElo "1850"]
[PlyCount "25"]
[EventDate "2020.01.28"]
[EventType "swiss"]
[EventRounds "9"]
[EventCountry "GER"]
[SourceTitle "EXT 2024"]
[Source "ChessBase"]
[SourceDate "2023.10.10"]
[SourceVersion "1"]
[SourceVersionDate "2023.10.10"]
[SourceQuality "1"]

1. e4 c5 2. Nf3 Nc6 3. d4 cxd4 4. Nxd4 Nf6 5. Nc3 e5 6. Nf3 Bb4 7. Bd3 d5 8. exd5 Nxd5 9. Bd2 Nxc3 10. bxc3 Be7 11. Qe2 Qc7 12. 0-0 0-0 13. Ng5 1/2-1/2

[Event "Berlin-ch Seniors op 35th"]
[Site "Berlin"]
[Date "2019.02.06"]
[Round "8"]
[White "Sebastian, Martin"]
[Black "Duijker, Bert"]
[Result "1/2-1/2"]
[WhiteElo "1957"]
[BlackElo "1902"]
[PlyCount "43"]
[EventDate "2019.01.29"]
[EventType "swiss"]
[EventRounds "9"]
[EventCountry "GER"]
[SourceTitle "CBM 189 Extra"]
[Source "ChessBase"]
[SourceDate "2019.06.03"]
[SourceVersion "1"]
[SourceVersionDate "2019.06.03"]
[SourceQuality "1"]

1. e4 g6 2. d4 Bg7 3. Nf3 d6 4. h3 a6 5. Be3 c5 6. c3 Nf6 7. Bd3 0-0 8. 0-0 cxd4 9. Nxd4 Nc6 10. Na3 Bd7 11. Ne2 b5 12. Rc1 Qa5 13. Bb1 Rfc8 14. Nd4 Ne5 15. Bg5 Nc4 16. Nxc4 bxc4 17. Be3 Rab8 18. Qd2 Qh5 19. Rce1 Bc6 20. Nxc6 Rxc6 21. Qe2 Qxe2 22. Rxe2 1/2-1/2

[Event "GER-chT Betriebe 18th"]
[Site "Altenberg Zinnwald"]
[Date "2018.11.08"]
[Round "2.3"]
[White "Sebastian, Martin"]
[Black "Santos, Paulo J"]
[Result "0-1"]
[WhiteElo "1957"]
[BlackElo "1823"]
[PlyCount "72"]
[EventDate "2018.11.08"]
[EventType "team-swiss"]
[EventRounds "7"]
[EventCountry "GER"]
[SourceTitle "EXT 2020"]
[Source "ChessBase"]
[SourceDate "2019.10.17"]
[SourceVersion "1"]
[SourceVersionDate "2019.10.17"]
[SourceQuality "1"]
[WhiteTeam "Dresden Schachfestival"]
[BlackTeam "Muenchen EPA II"]
[WhiteTeamCountry "GER"]
[BlackTeamCountry "GER"]

1. e4 e5 2. Nf3 Nc6 3. Bb5 a6 4. Ba4 Nf6 5. 0-0 Nxe4 6. Bxc6 dxc6 7. Re1 Nc5 8. Nxe5 Be7 9. d4 Ne6 10. c3 0-0 11. Qf3 Qd5 12. Qg3 Bf6 13. Ng4 Kh8 14. Na3 Be7 15. Nc2 Qh5 16. h3 Bd6 17. Qf3 Qg6 18. Re2 f6 19. Ne1 h5 20. Nh2 Ng5 21. Bxg5 fxg5 22. Qd3 Bf5 23. Qd1 g4 24. hxg4 hxg4 25. g3 Rf6 26. Re5 Bxe5 27. dxe5 Re6 28. Ng2 Rxe5 29. Nf4 Qd6 30. Qb3 Rae8 31. Qf7 Re1+ 32. Nf1 Qd7 33. Qh5+ Kg8 34. Rxe1 Rxe1 35. Ng2 Rxf1+ 36. Kxf1 Qd1+ 0-1

[Event "Berlin Werner Ott op"]
[Site "Berlin"]
[Date "2012.07.12"]
[Round "6"]
[White "Sebastian, Martin"]
[Black "Burger, Heinrich"]
[Result "0-1"]
[WhiteElo "1978"]
[BlackElo "2141"]
[PlyCount "87"]
[EventDate "2012.07.07"]
[EventType "swiss"]
[EventRounds "9"]
[EventCountry "GER"]
[SourceTitle "CBM 149 Extra"]
[Source "ChessBase"]
[SourceDate "2012.08.24"]
[SourceVersion "1"]
[SourceVersionDate "2012.08.24"]
[SourceQuality "1"]

1. e4 c5 2. Nf3 e6 3. d4 cxd4 4. Nxd4 Nf6 5. Bd3 Nc6 6. Nxc6 bxc6 7. 0-0 d5 8. exd5 cxd5 9. Qe2 Be7 10. Nd2 0-0 11. Nf3 Qc7 12. b3 a5 13. a4 Ne4 14. Bb2 Bf6 15. Bxf6 Nxf6 16. Bb5 Bb7 17. Rfd1 Qc3 18. Qd3 Rfc8 19. Rac1 Ne4 20. Qf1 Qf6 21. c4 Nc5 22. Rb1 Rd8 23. Qe1 Ne4 24. Rdc1 d4 25. c5 Bd5 26. Qd1 Nc3 27. Qxd4 Nxb1 28. Qxf6 gxf6 29. Rxb1 Rac8 30. b4 axb4 31. Rxb4 Rxc5 32. h3 Bc6 33. Nd4 Bxb5 34. axb5 Rb8 35. b6 Rb7 36. f4 Kf8 37. Kf2 Rd5 38. Nb3 Ke7 39. Nd4 Rd6 40. f5 e5 41. Nf3 Rbxb6 42. Rh4 Rb2+ 43. Kg3 Rd3 44. Kh2 0-1

[Event "Berlin Neukoelln op 10th"]
[Site "Berlin"]
[Date "2004.06.04"]
[Round "7"]
[White "Sebastian, Martin"]
[Black "Phillipp, Jan"]
[Result "0-1"]
[WhiteElo "1924"]
[BlackElo "1442"]
[PlyCount "73"]
[EventDate "2004.04.25"]
[EventType "swiss"]
[EventRounds "7"]
[EventCountry "GER"]
[SourceTitle "EXT 2022"]
[Source "ChessBase"]
[SourceDate "2021.10.06"]
[SourceVersion "1"]
[SourceVersionDate "2021.10.06"]
[SourceQuality "1"]

1. d4 Nf6 2. Nf3 g6 3. g3 Bg7 4. Bg2 d5 5. 0-0 0-0 6. Re1 b6 7. c4 c6 8. cxd5 cxd5 9. Bf4 Nc6 10. Nc3 Bf5 11. Rc1 Rc8 12. h3 Be4 13. Qd2 Re8 14. Bf1 Bxf3 15. exf3 Nh5 16. Be3 e5 17. dxe5 d4 18. Bg5 dxc3 19. Qe3 Qd2 20. Qxd2 cxd2 21. Bxd2 Nxe5 22. Kg2 Rxc1 23. Rxc1 Rd8 24. Be3 Nf6 25. Bf4 Nd5 26. Bg5 f6 27. Bd2 Ne7 28. Be3 Bf8 29. f4 N5c6 30. b4 Nxb4 31. Rc7 Ned5 32. Bc4 b5 33. Bb3 a5 34. Bd4 a4 35. Bxd5+ Nxd5 36. Rb7 Nxf4+ 37. gxf4 0-1

[Event "Berlin op 04"]
[Site "Berlin"]
[Date "2004.04.17"]
[Round "8"]
[White "Sebastian, Martin"]
[Black "Welz, Peter"]
[Result "1/2-1/2"]
[WhiteElo "1945"]
[BlackElo "2077"]
[PlyCount "91"]
[EventDate "2004.04.10"]
[EventType "swiss"]
[EventRounds "9"]
[EventCountry "GER"]
[SourceTitle "EXT 2007"]
[Source "ChessBase"]
[SourceDate "2006.11.23"]
[SourceVersion "1"]
[SourceVersionDate "2006.11.23"]
[SourceQuality "1"]

1. d4 f5 2. g3 Nf6 3. Bg2 g6 4. Nh3 Bg7 5. 0-0 0-0 6. c3 d6 7. Qb3+ Kh8 8. Bxb7 Bxb7 9. Qxb7 Nbd7 10. Qb3 Rb8 11. Qd1 e5 12. d5 h6 13. Na3 g5 14. f4 g4 15. Nf2 exf4 16. Bxf4 Rxb2 17. Nd3 Rb7 18. c4 Ne4 19. Rc1 Qf6 20. Kg2 h5 21. Rh1 Ndc5 22. Rc2 Nxd3 23. exd3 Ng5 24. Bxg5 Qxg5 25. Rf2 f4 26. gxf4 Rxf4 27. Rhf1 Rxf2+ 28. Rxf2 Bd4 29. Re2 a6 30. Qa4 Rb8 31. Re8+ Rxe8 32. Qxe8+ Kg7 33. Qe2 Qh4 34. Nc2 Be5 35. Kh1 g3 36. Ne3 Qxh2+ 37. Qxh2 gxh2 38. Nc2 Kf6 39. Nb4 a5 40. Na6 Kf5 41. Nxc7 Kf4 42. Nb5 Ke3 43. d4 Bxd4 44. Nxd6 Kd3 45. Nb7 Kxc4 46. Nxa5+ 1/2-1/2

[Event "Berlin op 04"]
[Site "Berlin"]
[Date "2004.04.15"]
[Round "6"]
[White "Sebastian, Martin"]
[Black "Schmidt, Claudius"]
[Result "1/2-1/2"]
[WhiteElo "1945"]
[BlackElo "1446"]
[PlyCount "142"]
[EventDate "2004.04.10"]
[EventType "swiss"]
[EventRounds "9"]
[EventCountry "GER"]
[SourceTitle "EXT 2007"]
[Source "ChessBase"]
[SourceDate "2006.11.23"]
[SourceVersion "1"]
[SourceVersionDate "2006.11.23"]
[SourceQuality "1"]

1. d4 d5 2. Nf3 c6 3. Bg5 Bg4 4. Nbd2 Nd7 5. h3 Bf5 6. e3 Ngf6 7. Be2 e6 8. 0-0 Be7 9. c4 0-0 10. Bf4 Nh5 11. Bh2 Nhf6 12. c5 h6 13. b4 b5 14. Nb3 Qc8 15. Bd3 Bxd3 16. Qxd3 Bd8 17. Bd6 Re8 18. Ne5 Ne4 19. Rfc1 f6 20. Ng6 Kf7 21. f3 Kxg6 22. fxe4 Kf7 23. e5 a5 24. Rc2 axb4 25. e4 Be7 26. exd5 exd5 27. e6+ Kg8 28. exd7 Qxd7 29. Bg3 Bd8 30. Rf1 Qe6 31. Re1 Qf7 32. Rxe8+ Qxe8 33. Re2 Qf7 34. Qe3 Bc7 35. Be1 Kf8 36. Bxb4 Ra4 37. a3 Ra8 38. Qe6 Re8 39. Qxe8+ Qxe8 40. Rxe8+ Kxe8 41. Kf2 Ke7 42. Kf3 Ke6 43. Ba5 Bh2 44. Nc1 Bb8 45. Ne2 h5 46. g4 hxg4+ 47. hxg4 g5 48. Bd8 Bh2 49. Ng3 Bxg3 50. Kxg3 Kf7 51. Kf3 Ke6 52. Ke3 Kf7 53. Kd3 Kg6 54. Kc3 f5 55. gxf5+ Kxf5 56. Kd3 Kf4 57. Ke2 g4 58. Bc7+ Ke4 59. Be5 g3 60. Bxg3 Kxd4 61. Bf2+ Kc4 62. Kd2 Kb3 63. Bd4 Kxa3 64. Kc2 Kb4 65. Kd3 Ka4 66. Bb2 Kb3 67. Bc1 b4 68. Bd2 Ka4 69. Kd4 Kb5 70. Bc1 b3 71. Bb2 Kb4 1/2-1/2

[Event "Berlin SF Neukoelln op 3rd"]
[Site "Berlin"]
[Date "2004.02.27"]
[Round "4"]
[White "Sebastian, Martin"]
[Black "Schraepel, Manfred"]
[Result "1-0"]
[WhiteElo "1917"]
[BlackElo "1801"]
[PlyCount "135"]
[EventDate "2004.02.07"]
[EventType "swiss"]
[EventRounds "7"]
[EventCountry "GER"]
[SourceTitle "EXT 2022"]
[Source "ChessBase"]
[SourceDate "2021.10.06"]
[SourceVersion "1"]
[SourceVersionDate "2021.10.06"]
[SourceQuality "1"]

1. d4 Nf6 2. Nf3 d5 3. e3 Bg4 4. c4 e6 5. Qb3 Qc8 6. Ne5 Bf5 7. Nc3 c6 8. Be2 h5 9. Qd1 Be7 10. Bd3 Bxd3 11. Qxd3 Nbd7 12. Nf3 h4 13. h3 Bb4 14. Bd2 Bxc3 15. Bxc3 Ne4 16. Nd2 Ndf6 17. Nxe4 Nxe4 18. cxd5 exd5 19. Qe2 Qe6 20. Qg4 Qf6 21. Qf3 Qe7 22. a3 a5 23. Qf5 Rh6 24. 0-0 f6 25. Qf3 Qf7 26. Qf4 Rh5 27. Bxa5 Rc8 28. f3 Ng5 29. e4 dxe4 30. Bb4 f5 31. Qe5+ Ne6 32. d5 cxd5 33. Qxd5 Ng5 34. Qe5+ Ne6 35. Rac1 Rxc1 36. Rxc1 Qd7 37. fxe4 g6 38. exf5 Rxf5 39. Qh8+ Kf7 40. Qh7+ Ng7 41. Bc3 Rf6 42. Bxf6 Kxf6 43. Rf1+ Kg5 44. Qg8 Qd4+ 45. Kh2 Qd6+ 46. Kh1 Nh5 47. Qc4 Ng3+ 48. Kg1 Nxf1 49. Qxf1 Qd4+ 50. Qf2 Qd1+ 51. Kh2 Qd6+ 52. g3 Kh6 53. Qf4+ Qxf4 54. gxf4 g5 55. fxg5+ Kxg5 56. Kg2 Kf4 57. Kf2 Ke4 58. Ke2 b5 59. b3 Kd4 60. a4 Kc5 61. axb5 Kxb5 62. Kf3 Kb4 63. Kg4 Kxb3 64. Kxh4 Kc4 65. Kg5 Kd5 66. h4 Ke6 67. Kg6 Ke7 68. Kg7 1-0

[Event "Dresden ZMD op"]
[Site "Dresden"]
[Date "2003.07.27"]
[Round "3"]
[White "Gazic, Josip"]
[Black "Sebastian, Martin"]
[Result "1-0"]
[WhiteElo "2306"]
[BlackElo "2054"]
[PlyCount "131"]
[EventDate "2003.07.25"]
[EventType "swiss"]
[EventRounds "9"]
[EventCountry "GER"]
[SourceTitle "EXT 2004"]
[Source "ChessBase"]
[SourceDate "2003.11.25"]
[SourceVersion "1"]
[SourceVersionDate "2003.11.25"]
[SourceQuality "1"]

1. e4 c5 2. Nf3 d6 3. Bc4 Nc6 4. Nc3 e6 5. d3 Nf6 6. Bg5 Be7 7. Qd2 a6 8. a3 Qc7 9. h3 Bd7 10. Ba2 Qb6 11. Nd1 Nd4 12. Nxd4 cxd4 13. Bb3 a5 14. 0-0 a4 15. Ba2 Qa5 16. Qc1 Rc8 17. Bd2 Qh5 18. f4 Qc5 19. Bb1 0-0 20. Nf2 Bb5 21. Bb4 Qc7 22. Qd1 e5 23. c4 dxc3 24. Bxc3 exf4 25. Ng4 Qc5+ 26. d4 Qg5 27. Nxf6+ Bxf6 28. Rf2 Bd7 29. Qd3 g6 30. Bc2 Bb5 31. Qd2 f3 32. Qxg5 Bxg5 33. Rxf3 Be2 34. Bxa4 Bxf3 35. gxf3 Bf4 36. Kf2 Rc7 37. Rd1 Rfc8 38. Rd3 g5 39. Bb3 h5 40. Ke2 Kg7 41. Kd1 Kf6 42. Kc2 Ra8 43. Bd5 Ra6 44. Kb3 b6 45. Rd1 Ke7 46. Rh1 h4 47. Re1 f6 48. Re2 Bg3 49. Bb4 Kd7 50. Bc4 Ra8 51. Bb5+ Kc8 52. Bc3 Kb7 53. d5 Rxc3+ 54. Kxc3 Rd8 55. b4 Be5+ 56. Kb3 Rc8 57. Bc6+ Kb8 58. Kc4 Rc7 59. a4 Rg7 60. Ra2 Ra7 61. Kb5 Bd4 62. Ra3 Re7 63. Kc4 Be5 64. a5 bxa5 65. b5 Bh2 66. b6 1-0

[Event "Berlin Neukoelln op 7th"]
[Site "Berlin"]
[Date "2001.06.08"]
[Round "5"]
[White "Sebastian, Martin"]
[Black "Hess, Markus"]
[Result "1/2-1/2"]
[WhiteElo "2066"]
[BlackElo "1870"]
[PlyCount "62"]
[EventDate "2001.05.11"]
[EventType "swiss"]
[EventRounds "7"]
[EventCountry "GER"]
[SourceTitle "EXT 2022"]
[Source "ChessBase"]
[SourceDate "2021.10.06"]
[SourceVersion "1"]
[SourceVersionDate "2021.10.06"]
[SourceQuality "1"]

1. d4 e6 2. Nf3 d5 3. Bg5 f6 4. Bh4 b6 5. e3 Bd6 6. Bd3 Ne7 7. Bg3 Bb7 8. Nbd2 Nd7 9. Nh4 g6 10. Qe2 e5 11. e4 exd4 12. Bxd6 cxd6 13. 0-0 0-0 14. g4 Nc5 15. e5 f5 16. Nhf3 Nc6 17. Bb5 Nb4 18. Nxd4 dxe5 19. a3 exd4 20. axb4 Ne4 21. Nf3 Qd6 22. Nxd4 Qxb4 23. c4 a6 24. Bd7 Rad8 25. Ra4 Qc5 26. Be6+ Kg7 27. Qe3 b5 28. cxb5 axb5 29. Ra7 Rb8 30. Bxf5 Kh8 31. Bxe4 Qxa7 1/2-1/2

[Event "Berlin Neukoelln op 7th"]
[Site "Berlin"]
[Date "2001.05.25"]
[Round "3"]
[White "Sebastian, Martin"]
[Black "Bader, Arnd"]
[Result "1/2-1/2"]
[WhiteElo "2066"]
[BlackElo "1708"]
[PlyCount "44"]
[EventDate "2001.05.11"]
[EventType "swiss"]
[EventRounds "7"]
[EventCountry "GER"]
[SourceTitle "EXT 2022"]
[Source "ChessBase"]
[SourceDate "2021.10.06"]
[SourceVersion "1"]
[SourceVersionDate "2021.10.06"]
[SourceQuality "1"]

1. d4 d5 2. Nf3 Nf6 3. Bg5 Ne4 4. Bf4 c5 5. e3 Qb6 6. Nc3 Qa5 7. Bxb8 Nxc3 8. Qd2 Rxb8 9. bxc3 c4 10. Be2 g6 11. 0-0 Bg7 12. e4 dxe4 13. Qf4 e5 14. Nxe5 Bxe5 15. dxe5 Be6 16. Qxe4 Qxc3 17. Rab1 0-0 18. f4 Rfd8 19. Rf3 Rd4 20. Rxb7 Qe1+ 21. Rf1 Rxb7 22. Qxd4 Qxe2 1/2-1/2